Music Quiz

Random Music Quiz

Open Class DCI drum corps Quiz Stats

 Plays Quiz not verified by Sporcle

Challenge
Share
Tweet
Embed
Score 0/23 Timer 04:00
0 Plays Today
Hometown Drum Corps % Correct
Concord, CABlue Devils B
97.6%
Concord, CA Blue Devils C
93.6%
Santa Clara, CA Santa Clara Vanguard Cadets
73.6%
Dubuque, IA Colt Cadets
69.6%
Portland, OR Oregon Crusaders
64%
Racine, WI Racine Scouts
63.2%
Nashua, NH Spartans
61.6%
Nashville, TNMusic City
60.8%
New London, CT 7th Regiment
59.2%
Kalamazoo, MI Legends
53.6%
Wayne, NJ Raiders
53.6%
Hawthorne, CA Gold
46.4%
Hometown Drum Corps % Correct
Sudbury, ON Blue Saints
44%
Buena Park, CAImpulse
41.6%
Sherbrooke, QC Les Stentors
40%
San Antonio, TX Revolution
35.2%
Pasadena, CA Velvet Knights
29.6%
Columbus, OHCapital Regiment
24.8%
Kitchener, ON Dutch Boy
24.8%
Jersey City, NJ Spirit of Newark
24.8%
Thomasville, GA Teal Sound
24.8%
Orange, CA Incognito
14.4%
Long Beach, CA Mystikal
10.4%

You're not logged in!

Compare scores with friends on all Sporcle quizzes.
OR
Log In

You Might Also Like...

Show Comments

Extras

Created Dec 1, 2009SourceReportNominate
Tags:class, corp, dci, drum, hometown, open

Top Quizzes Today


Score Distribution

Your Account Isn't Verified!

In order to create a playlist on Sporcle, you need to verify the email address you used during registration. Go to your Sporcle Settings to finish the process.

Report this User

Report this user for behavior that violates our Community Guidelines.

Details: